[Event "EU-Cup 39th"]
[Site "Vrnjacka Banja"]
[Date "2024.10.24"]
[Round "5.2"]
[White "Wachinger, Nikolas"]
[Black "Sos Andreu, Eric"]
[Result "1-0"]
[WhiteElo "2442"]
[BlackElo "2364"]
[PlyCount "45"]
[EventDate "2024.10.20"]
[EventType "team-swiss"]
[EventRounds "7"]
[EventCountry "SRB"]
[SourceTitle "CB44_2024"]
[Source "Chessbase"]
[SourceDate "2024.10.30"]
[SourceVersion "1"]
[SourceVersionDate "2024.10.30"]
[SourceQuality "1"]
[WhiteTeam "Werder Bremen"]
[BlackTeam "Andreu Paterna"]
[WhiteTeamCountry "GER"]
[BlackTeamCountry "ESP"]

1. e4 c6 2. d4 d5 3. e5 Bf5 4. g4 Be4 5. f3 Bg6 6. e6 Qd6 7. exf7+ Bxf7 8. Nc3 Nd7 9. f4 g5 10. fxg5 e5 11. Be3 h6 12. Qd2 hxg5 13. Nf3 Bg7 14. 0-0-0 0-0-0 15. Nxg5 Bg6 16. h4 Ngf6 17. Be2 exd4 18. Bxd4 c5 19. Be3 Ne5 20. Bf4 Be8 21. Qe3 Nexg4 22. Qg3 Qd7 23. Nxd5 1-0

[Event "EU-Cup 39th"]
[Site "Vrnjacka Banja"]
[Date "2024.10.21"]
[Round "2.2"]
[White "Sos Andreu, Eric"]
[Black "Sokolovsky, Yahli"]
[Result "1/2-1/2"]
[WhiteElo "2364"]
[BlackElo "2519"]
[PlyCount "28"]
[EventDate "2024.10.20"]
[EventType "team-swiss"]
[EventRounds "7"]
[EventCountry "SRB"]
[SourceTitle "CB44_2024"]
[Source "Chessbase"]
[SourceDate "2024.10.30"]
[SourceVersion "1"]
[SourceVersionDate "2024.10.30"]
[SourceQuality "1"]
[WhiteTeam "Andreu Paterna"]
[BlackTeam "Rishon Le Zion"]
[WhiteTeamCountry "ESP"]
[BlackTeamCountry "ISR"]

1. d4 Nf6 2. c4 g6 3. g3 Bg7 4. Bg2 0-0 5. Nc3 d6 6. Nf3 Re8 7. 0-0 Bd7 8. h3 e5 9. e4 exd4 10. Nxd4 Nc6 11. Be3 a6 12. Nxc6 Bxc6 13. Qc2 b5 14. Rfc1 Qc8 1/2-1/2

[Event "Iberoamerican-ch 10th"]
[Site "Linares"]
[Date "2024.10.01"]
[Round "9"]
[White "Sos Andreu, Eric"]
[Black "Zambrana, Oswaldo"]
[Result "1/2-1/2"]
[WhiteElo "2359"]
[BlackElo "2405"]
[PlyCount "129"]
[EventDate "2024.09.25"]
[EventType "swiss"]
[EventRounds "9"]
[EventCountry "ESP"]
[SourceTitle "EXT 2025"]
[Source "ChessBase"]
[SourceDate "2024.10.14"]
[SourceVersion "1"]
[SourceVersionDate "2024.10.14"]
[SourceQuality "1"]

1. d4 d5 2. c4 e6 3. Nf3 h6 4. g3 Nf6 5. Bg2 Bd6 6. 0-0 0-0 7. b3 b6 8. Nc3 Bb7 9. Qc2 Nbd7 10. cxd5 exd5 11. Nh4 Re8 12. Nf5 a6 13. Nxd6 cxd6 14. Qf5 Rc8 15. Bd2 Ne4 16. Nxe4 dxe4 17. Rac1 Nf6 18. Bh3 Nd5 19. e3 g6 20. Qd7 Qxd7 21. Bxd7 Rxc1 22. Rxc1 Rd8 23. Bh3 h5 24. Bf1 Kf8 25. Bc4 Ke7 26. h4 Rc8 27. a4 a5 28. Kf1 Nb4 29. Ke2 d5 30. Bb5 Rxc1 31. Bxc1 Ba6 32. Bxa6 Nxa6 33. f3 Ke6 34. Ba3 Nc7 35. Kf2 Ne8 36. b4 axb4 37. Bxb4 Nf6 38. Ba3 exf3 39. Kxf3 Ne4 40. Bb4 Kf5 41. a5 bxa5 42. Bxa5 g5 43. Bc7 f6 44. Bb8 Nc3 45. hxg5 fxg5 46. Bc7 g4+ 47. Kf2 Ke4 48. Bf4 Kd3 49. Ke1 Ne4 50. Kd1 Nxg3 51. Bxg3 Kxe3 52. Ke1 Kf3 53. Bh4 g3 54. Kf1 Kg4 55. Bd8 h4 56. Ba5 h3 57. Be1 Kf4 58. Kg1 Kf3 59. Kh1 g2+ 60. Kg1 Ke2 61. Bg3 Ke3 62. Be5 Kf3 63. Bd6 Ke3 64. Be5 Kf3 65. Bd6 1/2-1/2

[Event "Iberoamerican-ch 10th"]
[Site "Linares"]
[Date "2024.09.25"]
[Round "1"]
[White "Sos Andreu, Eric"]
[Black "Follana Albelda, Lucia"]
[Result "1-0"]
[WhiteElo "2359"]
[BlackElo "2043"]
[PlyCount "79"]
[EventDate "2024.09.25"]
[EventType "swiss"]
[EventRounds "9"]
[EventCountry "ESP"]
[SourceTitle "EXT 2025"]
[Source "ChessBase"]
[SourceDate "2024.10.14"]
[SourceVersion "1"]
[SourceVersionDate "2024.10.14"]
[SourceQuality "1"]

1. Nf3 Nf6 2. c4 b6 3. g3 Bb7 4. Bg2 e6 5. 0-0 Be7 6. Nc3 Ne4 7. Nxe4 Bxe4 8. d3 Bb7 9. e4 d6 10. Re1 e5 11. d4 Nd7 12. b3 0-0 13. Bb2 Bf6 14. Qd2 a5 15. Rad1 Re8 16. dxe5 Nxe5 17. Nd4 Qb8 18. f4 Ng6 19. h4 h6 20. Nf5 Bxb2 21. Qxb2 f6 22. Qe2 Ne7 23. Nd4 Nc6 24. Nb5 a4 25. Qh5 Re7 26. Nc3 axb3 27. axb3 Na5 28. Nd5 Rf7 29. Rd3 Qa7 30. Kh2 Nc6 31. Re2 Qa5 32. Rdd2 Nb4 33. Qg6 Bxd5 34. cxd5 Qc5 35. Bh3 Raf8 36. Be6 Qc3 37. e5 dxe5 38. fxe5 Na6 39. Bf5 Rd8 40. e6 1-0

[Event "Titled Tuesday intern op 10th Sep Late"]
[Site "Chess,com INT"]
[Date "2024.09.10"]
[Round "5"]
[White "Liu, Casper Yukun"]
[Black "Sos Andreu, Eric"]
[Result "1-0"]
[WhiteElo "2289"]
[BlackElo "2359"]
[PlyCount "59"]
[EventDate "2024.09.10"]
[EventType "swiss (blitz)"]
[EventRounds "11"]
[EventCountry "USA"]
[SourceTitle "EXT 2025"]
[Source "ChessBase"]
[SourceDate "2024.10.14"]
[SourceVersion "1"]
[SourceVersionDate "2024.10.14"]
[SourceQuality "1"]

1. d4 Nf6 2. Bf4 e6 3. e3 d5 4. Nf3 Bd6 5. Bg3 c5 6. dxc5 Bxc5 7. c4 0-0 8. a3 Nc6 9. Nc3 dxc4 10. Bxc4 a6 11. 0-0 b5 12. Bd3 Bb7 13. Qc2 Qe7 14. Rfd1 Rfd8 15. Ne4 Nxe4 16. Bxe4 h6 17. Rdc1 Bd6 18. Bxc6 Rac8 19. Nd4 Bxg3 20. hxg3 e5 21. Qe4 Qc7 22. Nf5 g6 23. Bxb7 Qxc1+ 24. Rxc1 Rxc1+ 25. Kh2 gxf5 26. Qxf5 Rc7 27. Bxa6 Rd5 28. Qf6 Rcd7 29. Bc8 R7d6 30. Qf3 1-0

[Event "Titled Tuesday intern op 27th Aug Late"]
[Site "Chess.com INT"]
[Date "2024.08.27"]
[Round "10"]
[White "Komliakov, Viktor"]
[Black "Sos Andreu, Eric"]
[Result "1-0"]
[WhiteElo "2372"]
[BlackElo "2359"]
[PlyCount "109"]
[EventDate "2024.08.27"]
[EventType "swiss (blitz)"]
[EventRounds "11"]
[EventCountry "USA"]
[SourceTitle "EXT 2025"]
[Source "ChessBase"]
[SourceDate "2024.10.14"]
[SourceVersion "1"]
[SourceVersionDate "2024.10.14"]
[SourceQuality "1"]

1. e4 d6 2. d4 Nf6 3. Nc3 e5 4. Nf3 Nbd7 5. h3 Be7 6. Be3 0-0 7. Bc4 c6 8. a4 b6 9. 0-0 a6 10. Bb3 Bb7 11. Nh4 exd4 12. Bxd4 c5 13. Bxf6 Nxf6 14. Nf5 g6 15. Nxe7+ Qxe7 16. Re1 Rfe8 17. Nd5 Bxd5 18. Bxd5 Rac8 19. Qd3 Nxd5 20. Qxd5 Qe5 21. Qxe5 Rxe5 22. f3 d5 23. exd5 Rxd5 24. Rad1 Rcd8 25. Rxd5 Rxd5 26. Kf2 Kf8 27. Re2 Rd4 28. b3 c4 29. Ke3 Rh4 30. Rd2 Ke7 31. b4 Rh5 32. Kd4 b5 33. axb5 axb5 34. Rd1 Kd6 35. Ra1 Rd5+ 36. Kc3 Re5 37. Ra6+ Kd7 38. Ra7+ Ke6 39. Rb7 Re2 40. Rxb5 Rxg2 41. Rc5 Rg3 42. b5 Rxh3 43. b6 Rxf3+ 44. Kxc4 Rf4+ 45. Kb5 Rf1 46. Kc6 Rd1 47. b7 Rd8 48. Kc7 Re8 49. Rc3 Re7+ 50. Kc8 Rxb7 51. Kxb7 h5 52. Kc6 h4 53. Re3+ Kf6 54. Kd5 g5 55. Ke4 1-0

[Event "Titled Tuesday intern op 27th Aug Late"]
[Site "Chess.com INT"]
[Date "2024.08.27"]
[Round "1"]
[White "Merriman, John"]
[Black "Sos Andreu, Eric"]
[Result "0-1"]
[WhiteElo "2242"]
[BlackElo "2359"]
[PlyCount "70"]
[EventDate "2024.08.27"]
[EventType "swiss (blitz)"]
[EventRounds "11"]
[EventCountry "USA"]
[SourceTitle "EXT 2025"]
[Source "ChessBase"]
[SourceDate "2024.10.14"]
[SourceVersion "1"]
[SourceVersionDate "2024.10.14"]
[SourceQuality "1"]

1. d4 Nf6 2. c4 c5 3. d5 b5 4. cxb5 a6 5. bxa6 g6 6. Nc3 Bxa6 7. e4 Bxf1 8. Kxf1 d6 9. g3 Bg7 10. Kg2 0-0 11. Nf3 Qa5 12. Re1 Nbd7 13. Qe2 Rfb8 14. Nd2 Ne8 15. Nc4 Qa6 16. a4 Rb4 17. Nd2 Ne5 18. Qxa6 Rxa6 19. Re3 Nc7 20. f4 Nc4 21. Nxc4 Rxc4 22. Bd2 Rb4 23. Rb1 Bd4 24. Re2 Rb3 25. Kf1 f6 26. Ke1 Bxc3 27. Bxc3 Rxa4 28. Kd1 Nb5 29. Kc2 c4 30. Re3 Ra2 31. Rd1 Raxb2+ 32. Bxb2 Rxe3 33. Ra1 Re2+ 34. Kc1 c3 35. Ba3 Re1+ 0-1

[Event "Titled Tuesday intern op 27th Aug Late"]
[Site "Chess.com INT"]
[Date "2024.08.27"]
[Round "5"]
[White "Sos Andreu, Eric"]
[Black "Abdurakhmanov, Mukhmmadali"]
[Result "1/2-1/2"]
[WhiteElo "2359"]
[BlackElo "2395"]
[PlyCount "207"]
[EventDate "2024.08.27"]
[EventType "swiss (blitz)"]
[EventRounds "11"]
[EventCountry "USA"]
[SourceTitle "EXT 2025"]
[Source "ChessBase"]
[SourceDate "2024.10.14"]
[SourceVersion "1"]
[SourceVersionDate "2024.10.14"]
[SourceQuality "1"]

1. d4 Nf6 2. c4 e6 3. Nc3 d5 4. cxd5 exd5 5. Bg5 c6 6. e3 Bd6 7. Bd3 h6 8. Bh4 0-0 9. Nge2 a5 10. f3 Re8 11. Bf2 Na6 12. 0-0 b5 13. e4 dxe4 14. Nxe4 Nb4 15. Bb1 Nbd5 16. a3 Bc7 17. Bd3 Bf5 18. Rc1 Bxe4 19. fxe4 Nxe4 20. Rxc6 Nxf2 21. Rxf2 Ne3 22. Qc1 Rc8 23. h3 Bb8 24. Rxc8 Qxc8 25. Qxc8 Rxc8 26. g3 b4 27. axb4 axb4 28. Rf3 Nd1 29. b3 Nb2 30. Bf5 Re8 31. Kf1 g6 32. Bb1 Kg7 33. h4 Nd1 34. Bd3 f5 35. Ke1 Ne3 36. Kd2 Nd5 37. h5 gxh5 38. Rxf5 Nf6 39. Rb5 Bd6 40. Rb7+ Re7 41. Rxe7+ Bxe7 42. Nf4 Bd6 43. Ke3 Ng4+ 44. Kf3 Nf6 45. Bf5 Kf7 46. Bg6+ Ke7 47. Bd3 Kd7 48. Bc4 Kc6 49. Bf7 Kd7 50. Bc4 Ke7 51. Ng6+ Ke8 52. Ne5 Ke7 53. Nd3 Nd7 54. Nf4 Nf6 55. Bd3 Kf7 56. Bg6+ Kg7 57. Bf5 Kf7 58. Be6+ Ke7 59. Bc4 Kd7 60. Be2 Kc6 61. Bc4 Kb6 62. Nd3 Nh7 63. Ne5 Ng5+ 64. Kg2 Ne4 65. Nf7 Bxg3 66. Nxh6 Bd6 67. Nf5 Kc7 68. Bd5 Nc3 69. Bc4 Ne4 70. Bf7 Nf6 71. Kf3 Bf8 72. Bc4 Kd7 73. Kf4 Bd6+ 74. Kg5 Be7 75. Nxe7 Kxe7 76. Be2 Ne4+ 77. Kf4 Nd2 78. Bxh5 Nxb3 79. Ke4 Kd6 80. Bf7 Na5 81. Kd3 Kc6 82. Bg8 Kb5 83. Kc2 Ka4 84. Kb2 Nb7 85. Bd5 Nd6 86. Bc6+ Ka5 87. Kb3 Nf5 88. Kc4 Ne3+ 89. Kb3 Nf5 90. d5 Nd6 91. Bd7 Ne4 92. Bc6 Nf6 93. Ba8 Nd7 94. Bc6 Nc5+ 95. Kc4 Ne4 96. Kb3 Nd6 97. Kb2 Kb6 98. Kb3 Kc5 99. Ba8 Nc4 100. Bc6 Na5+ 101. Kb2 Nc4+ 102. Kb3 Nb6 103. Kb2 Nc4+ 104. Kb3 1/2-1/2

[Event "Titled Tuesday intern op 27th Aug Late"]
[Site "Chess.com INT"]
[Date "2024.08.27"]
[Round "4"]
[White "Sos Andreu, Eric"]
[Black "Metrick, Andrew"]
[Result "1-0"]
[WhiteElo "2359"]
[BlackElo "2255"]
[PlyCount "47"]
[EventDate "2024.08.27"]
[EventType "swiss (blitz)"]
[EventRounds "11"]
[EventCountry "USA"]
[SourceTitle "EXT 2025"]
[Source "ChessBase"]
[SourceDate "2024.10.14"]
[SourceVersion "1"]
[SourceVersionDate "2024.10.14"]
[SourceQuality "1"]

1. Nf3 Nf6 2. c4 g6 3. g3 Bg7 4. Bg2 0-0 5. 0-0 d6 6. Nc3 c5 7. Rb1 Nc6 8. a3 Bf5 9. d3 Qd7 10. Re1 Bh3 11. Bh1 e6 12. b4 cxb4 13. axb4 d5 14. b5 Ne7 15. Ba3 Rfd8 16. Qb3 Qe8 17. c5 h6 18. d4 a6 19. Ne5 Nd7 20. Nf3 Nf5 21. e3 g5 22. Rec1 axb5 23. Nxb5 Nb8 24. Nc7 1-0

[Event "Titled Tuesday intern op 27th Aug Early"]
[Site "Chess.com INT"]
[Date "2024.08.27"]
[Round "7"]
[White "Sos Andreu, Eric"]
[Black "Rodriguez Rivero, Jinela de Cari"]
[Result "1-0"]
[WhiteElo "2359"]
[BlackElo "2141"]
[PlyCount "97"]
[EventDate "2024.08.27"]
[EventType "swiss (blitz)"]
[EventRounds "11"]
[EventCountry "USA"]
[SourceTitle "EXT 2025"]
[Source "ChessBase"]
[SourceDate "2024.10.14"]
[SourceVersion "1"]
[SourceVersionDate "2024.10.14"]
[SourceQuality "1"]

1. g3 d5 2. Bg2 Nf6 3. c4 d4 4. Nf3 c5 5. 0-0 Nc6 6. d3 e5 7. e3 Bd6 8. exd4 cxd4 9. b4 0-0 10. b5 Ne7 11. Re1 Ng6 12. a4 Bf5 13. Bg5 h6 14. Bxf6 Qxf6 15. Qb3 Rfe8 16. Nbd2 Qd8 17. Ne4 Bf8 18. Nfd2 Be6 19. Nf3 f5 20. Ned2 Bf7 21. a5 Rc8 22. a6 b6 23. Qb1 Bd6 24. Nb3 Nf8 25. Nh4 Qf6 26. Bc6 Red8 27. Nf3 Ne6 28. Qc2 g5 29. Qe2 Rxc6 30. bxc6 g4 31. Nxe5 Ng5 32. f4 gxf3 33. Nxf3 Ne6 34. Rf1 f4 35. Nfd2 Qg5 36. Ne4 Qg7 37. Nxd6 Rxd6 38. Kh1 fxg3 39. hxg3 Rxc6 40. Rae1 Ng5 41. Qe5 Qg6 42. Nxd4 Rc8 43. Nf5 Re8 44. Ne7+ Rxe7 45. Qxe7 Qxd3 46. Qe3 Qxc4 47. Rf4 Qd5+ 48. Kh2 b5 49. Re2 1-0

[Event "Titled Tuesday intern op 27th Aug Late"]
[Site "Chess.com INT"]
[Date "2024.08.27"]
[Round "2"]
[White "Sos Andreu, Eric"]
[Black "Yoo, Christopher Woojin"]
[Result "0-1"]
[WhiteElo "2359"]
[BlackElo "2616"]
[PlyCount "88"]
[EventDate "2024.08.27"]
[EventType "swiss (blitz)"]
[EventRounds "11"]
[EventCountry "USA"]
[SourceTitle "EXT 2025"]
[Source "ChessBase"]
[SourceDate "2024.10.14"]
[SourceVersion "1"]
[SourceVersionDate "2024.10.14"]
[SourceQuality "1"]

1. d4 Nf6 2. c4 c5 3. d5 b5 4. Qc2 bxc4 5. e4 e6 6. Bxc4 exd5 7. exd5 d6 8. Nc3 Be7 9. Nf3 0-0 10. 0-0 Nbd7 11. Re1 Nb6 12. Bd3 Bg4 13. Bg5 Bxf3 14. gxf3 Nfxd5 15. Bxh7+ Kh8 16. Bxe7 Nxe7 17. Qe4 Ng6 18. Bxg6 Qg5+ 19. Qg4 Qxg6 20. Rad1 Rad8 21. Qxg6 fxg6 22. Re6 d5 23. Rxg6 Rxf3 24. Rg5 Rf6 25. Nxd5 Rfd6 26. Rh5+ Kg8 27. Ne7+ Kf7 28. Rxd6 Rxd6 29. Nf5 Rd1+ 30. Kg2 Nd5 31. Rh4 Rd2 32. Ra4 Kg6 33. Ng3 Rxb2 34. Rxa7 c4 35. Ra6+ Kh7 36. Rc6 c3 37. Ne4 g6 38. Rc5 c2 39. a4 Nf4+ 40. Kf3 Nd3 41. Rc7+ Kh6 42. Nf6 c1Q 43. Rh7+ Kg5 44. Ne4+ Kf5 0-1

[Event "Titled Tuesday intern op 27th Aug Early"]
[Site "Chess.com INT"]
[Date "2024.08.27"]
[Round "11"]
[White "Weishaeutel, Moritz"]
[Black "Sos Andreu, Eric"]
[Result "0-1"]
[WhiteElo "2400"]
[BlackElo "2359"]
[PlyCount "36"]
[EventDate "2024.08.27"]
[EventType "swiss (blitz)"]
[EventRounds "11"]
[EventCountry "USA"]
[SourceTitle "EXT 2025"]
[Source "ChessBase"]
[SourceDate "2024.10.14"]
[SourceVersion "1"]
[SourceVersionDate "2024.10.14"]
[SourceQuality "1"]

1. e4 c6 2. d4 d5 3. exd5 cxd5 4. c4 Nf6 5. Nc3 g6 6. cxd5 Bg7 7. Bb5+ Nbd7 8. d6 0-0 9. dxe7 Qxe7+ 10. Nge2 a6 11. Bd3 b5 12. 0-0 Bb7 13. Re1 Nb6 14. Bg5 Qd7 15. Qb3 Qg4 16. Ng3 Qxg5 17. Re5 Qh4 18. Nce2 Ng4 0-1

[Event "Titled Tuesday intern op 27th Aug Late"]
[Site "Chess.com INT"]
[Date "2024.08.27"]
[Round "8"]
[White "Yeletsky, Ivan"]
[Black "Sos Andreu, Eric"]
[Result "1-0"]
[WhiteElo "2469"]
[BlackElo "2359"]
[PlyCount "139"]
[EventDate "2024.08.27"]
[EventType "swiss (blitz)"]
[EventRounds "11"]
[EventCountry "USA"]
[SourceTitle "EXT 2025"]
[Source "ChessBase"]
[SourceDate "2024.10.14"]
[SourceVersion "1"]
[SourceVersionDate "2024.10.14"]
[SourceQuality "1"]

1. d4 Nf6 2. c4 c5 3. d5 e6 4. Nc3 exd5 5. cxd5 d6 6. Nf3 g6 7. Bf4 a6 8. a4 Bg7 9. e3 0-0 10. Be2 Qe7 11. Nd2 Nbd7 12. Nc4 Ne8 13. 0-0 Rb8 14. Qc2 Ne5 15. Nb6 f5 16. Rab1 Nf7 17. b4 g5 18. Bg3 f4 19. exf4 Bxc3 20. Nxc8 Rxc8 21. Bg4 Rc7 22. Qxc3 gxf4 23. Bxf4 cxb4 24. Qg3 Kh8 25. Rxb4 Rg8 26. Qh3 Ne5 27. Be6 Rf8 28. Bh6 Rf6 29. Bg5 Qg7 30. Bxf6 Nxf6 31. Qg3 Qh6 32. Rh4 Qd2 33. Qf4 Qxf4 34. Rxf4 Kg7 35. h3 Nd3 36. Rd4 Nc5 37. Rb1 Nfe4 38. Rc1 Re7 39. Bf5 Nf6 40. g4 Nb3 41. Rdc4 Nxc1 42. Rxc1 Nxd5 43. h4 Nf4 44. Kh2 b5 45. axb5 axb5 46. Rd1 Rb7 47. Rxd6 b4 48. Rd2 b3 49. Kg3 Ng6 50. Be4 Rb4 51. Rd7+ Kf6 52. Bxg6 hxg6 53. Rd6+ Ke5 54. Rd1 b2 55. Rb1 Ke4 56. f3+ Ke3 57. f4 Rb3 58. g5 Ke4+ 59. Kg4 Rb8 60. Re1+ Kd3 61. f5 Rb4+ 62. Kf3 gxf5 63. h5 Rh4 64. h6 Kd2 65. Re2+ Kc1 66. Re1+ Kc2 67. Re2+ Kc3 68. Re1 Kb3 69. Rg1 Rg4 70. Rh1 1-0

[Event "Titled Tuesday intern op 27th Aug Late"]
[Site "Chess.com INT"]
[Date "2024.08.27"]
[Round "3"]
[White "Zhu, Linxi"]
[Black "Sos Andreu, Eric"]
[Result "0-1"]
[WhiteElo "2129"]
[BlackElo "2359"]
[PlyCount "120"]
[EventDate "2024.08.27"]
[EventType "swiss (blitz)"]
[EventRounds "11"]
[EventCountry "USA"]
[SourceTitle "EXT 2025"]
[Source "ChessBase"]
[SourceDate "2024.10.14"]
[SourceVersion "1"]
[SourceVersionDate "2024.10.14"]
[SourceQuality "1"]

1. e4 d5 2. exd5 Qxd5 3. Nc3 Qd6 4. d4 Nf6 5. Nf3 c6 6. Be2 Bf5 7. Ne5 e6 8. Bf4 Qd8 9. h4 h5 10. Qd2 Bb4 11. a3 Ba5 12. b4 Bb6 13. Nc4 Bc7 14. 0-0-0 Bxf4 15. Qxf4 0-0 16. Nd6 a5 17. Nxf5 exf5 18. Qxf5 axb4 19. axb4 Qb6 20. Qc5 Qc7 21. d5 Nbd7 22. d6 Qd8 23. Qd4 Re8 24. Bc4 Ne5 25. Bb3 Nfd7 26. Rhe1 Qf6 27. Ne4 Qf4+ 28. Kb2 b6 29. Ng5 Qxd4+ 30. Rxd4 Nd3+ 31. Rxd3 Rxe1 32. Bxf7+ Kh8 33. Bxh5 b5 34. Nf7+ Kg8 35. Bg4 Nb6 36. d7 Na4+ 37. Ka2 Nc5+ 38. Ra3 Rxa3+ 39. Kxa3 Nxd7 40. Bxd7 Kxf7 41. Bxc6 Re5 42. Kb3 Ke7 43. c4 bxc4+ 44. Kxc4 Re2 45. f4 Kd6 46. Bf3 Rc2+ 47. Kb3 Rc1 48. Ka4 Kc7 49. Kb5 Rc3 50. f5 Rc1 51. h5 Rc3 52. f6 gxf6 53. h6 Re3 54. Bh5 Re5+ 55. Ka6 Rxh5 56. b5 Rxh6 57. Ka7 f5 58. b6+ Rxb6 59. g4 fxg4 60. Ka8 Ra6# 0-1

[Event "Titled Tuesday intern op 13th Aug Early"]
[Site "Chess.com INT"]
[Date "2024.08.13"]
[Round "2"]
[White "Escudero Donoso, Felipe"]
[Black "Sos Andreu, Eric"]
[Result "0-1"]
[WhiteElo "2013"]
[BlackElo "2359"]
[PlyCount "98"]
[EventDate "2024.08.13"]
[EventType "swiss (blitz)"]
[EventRounds "11"]
[EventCountry "USA"]
[SourceTitle "EXT 2025"]
[Source "ChessBase"]
[SourceDate "2024.10.14"]
[SourceVersion "1"]
[SourceVersionDate "2024.10.14"]
[SourceQuality "1"]

1. d4 Nf6 2. Nf3 g6 3. c4 Bg7 4. Nc3 0-0 5. e4 d6 6. Be2 Na6 7. Be3 e5 8. d5 Ng4 9. Bg5 f6 10. Bc1 Nh6 11. h3 Nf7 12. g4 c6 13. Be3 Nc5 14. b4 Nd7 15. Qb3 a5 16. Rd1 axb4 17. Qxb4 Qa5 18. Rb1 Nc5 19. Nd2 Qxb4 20. Rxb4 Ra3 21. Nb3 Nxb3 22. Rxb3 Rxb3 23. axb3 Bd7 24. Kd2 Ra8 25. Kc2 Bh6 26. Bxh6 Nxh6 27. Na4 cxd5 28. exd5 Bxa4 29. bxa4 Rxa4 30. Rb1 Ra2+ 31. Kd1 Ra7 32. Rb6 Nf7 33. Kc2 Kf8 34. Kb3 Ke7 35. Bd3 Ng5 36. Bf1 Nf3 37. Kb4 Nd4 38. Bd3 Kd7 39. c5 dxc5+ 40. Kxc5 Ra5+ 41. Kb4 Rxd5 42. Rxb7+ Kc8 43. Rxh7 Nc6+ 44. Kc3 Rc5+ 45. Kd2 Rd5 46. Ke3 Nd4 47. Bxg6 Kd8 48. h4 Ra5 49. h5 Ra3+ 0-1

[Event "Titled Tuesday intern op 13th Aug Early"]
[Site "Chess.com INT"]
[Date "2024.08.13"]
[Round "5"]
[White "Sos Andreu, Eric"]
[Black "Parpiev, Isaak"]
[Result "0-1"]
[WhiteElo "2359"]
[BlackElo "2305"]
[PlyCount "74"]
[EventDate "2024.08.13"]
[EventType "swiss (blitz)"]
[EventRounds "11"]
[EventCountry "USA"]
[SourceTitle "EXT 2025"]
[Source "ChessBase"]
[SourceDate "2024.10.14"]
[SourceVersion "1"]
[SourceVersionDate "2024.10.14"]
[SourceQuality "1"]

1. c4 Nf6 2. Nc3 e6 3. Nf3 d5 4. e3 Bd6 5. b3 c5 6. cxd5 exd5 7. d4 Nc6 8. Be2 0-0 9. 0-0 Bg4 10. Nb5 Be7 11. dxc5 Bxc5 12. Bb2 Ne4 13. h3 Be6 14. Rc1 Qe7 15. Nbd4 Rac8 16. Nxc6 bxc6 17. Nd4 Bd7 18. Bf3 f5 19. Qc2 Bd6 20. Be2 f4 21. exf4 Bxf4 22. Rcd1 Bb8 23. Nf3 Bf5 24. Bd3 Bxh3 25. Rfe1 Rxf3 26. Bxe4 dxe4 27. Rxe4 Qg5 28. g3 Bf5 29. Qc4+ Kh8 30. Qxc6 Rxg3+ 31. fxg3 Qxg3+ 32. Kf1 Qf3+ 33. Kg1 Qxd1+ 34. Kf2 Qc2+ 35. Qxc2 Rxc2+ 36. Ke3 Bxe4 37. Bd4 Bc6 0-1

[Event "Titled Tuesday intern op 13th Aug Late"]
[Site "Chess.com INT"]
[Date "2024.08.13"]
[Round "4"]
[White "Tang, Benjamin"]
[Black "Sos Andreu, Eric"]
[Result "0-1"]
[WhiteElo "2242"]
[BlackElo "2359"]
[PlyCount "166"]
[EventDate "2024.08.13"]
[EventType "swiss (blitz)"]
[EventRounds "11"]
[EventCountry "USA"]
[SourceTitle "EXT 2025"]
[Source "ChessBase"]
[SourceDate "2024.10.14"]
[SourceVersion "1"]
[SourceVersionDate "2024.10.14"]
[SourceQuality "1"]

1. e4 c5 2. Nf3 d6 3. d4 cxd4 4. Nxd4 Nf6 5. Nc3 a6 6. Bc4 e6 7. 0-0 Be7 8. Qf3 0-0 9. Bb3 Nbd7 10. Qg3 Nc5 11. Bh6 Ne8 12. Be3 Bh4 13. Qf3 Bf6 14. Rad1 Qc7 15. Rfe1 Rb8 16. Qg3 b5 17. a3 Bb7 18. f3 g6 19. Kh1 Ng7 20. Qf2 Rfd8 21. Ba2 Ba8 22. Nde2 Na4 23. Nxa4 bxa4 24. Bd4 Bxd4 25. Qxd4 Qxc2 26. Rd2 Qc7 27. Rc1 Qa5 28. Nc3 Bc6 29. h3 Ne8 30. Nd5 Bxd5 31. exd5 e5 32. Qe3 Rdc8 33. Rc6 Rd8 34. Rdc2 Nf6 35. Qa7 Qe1+ 36. Kh2 Nh5 37. Qf2 Qxf2 38. Rxf2 a5 39. Rfc2 Nf4 40. Ra6 Rb5 41. Rcc6 Rxb2 42. Bc4 Rxg2+ 43. Kh1 Rb8 44. Rab6 Rxb6 45. Rxb6 Rc2 46. Bb5 Nxd5 47. Rxd6 Nf4 48. Bxa4 Rc3 49. Be8 Kf8 50. Bb5 Rxa3 51. Rd8+ Ke7 52. Rd7+ Ke6 53. Ra7 Rxf3 54. Bc4+ Kd6 55. Rxa5 Rxh3+ 56. Kg1 f5 57. Ra6+ Kc5 58. Bf1 Rb3 59. Ra5+ Kd4 60. Kf2 e4 61. Ra4+ Ke5 62. Ra5+ Kf6 63. Ra6+ Kg5 64. Ra7 h5 65. Bc4 Rf3+ 66. Ke1 e3 67. Ra2 Rg3 68. Rh2 Rg1+ 69. Bf1 e2 70. Rxe2 Nxe2 71. Kxe2 Kf4 72. Kf2 Rxf1+ 73. Kxf1 g5 74. Kf2 g4 75. Kg2 h4 76. Kh2 Kf3 77. Kg1 Kg3 78. Kh1 f4 79. Kg1 f3 80. Kh1 Kf2 81. Kh2 g3+ 82. Kh1 g2+ 83. Kh2 g1Q+ 0-1

[Event "Titled Tuesday intern op 23rd Jul Late"]
[Site "Chess.com INT"]
[Date "2024.07.23"]
[Round "10"]
[White "Sos Andreu, Eric"]
[Black "Fernandez Sanchez, Mario Andres"]
[Result "0-1"]
[WhiteElo "2371"]
[BlackElo "2002"]
[PlyCount "68"]
[EventDate "2024.07.23"]
[EventType "swiss (blitz)"]
[EventRounds "11"]
[EventCountry "USA"]
[SourceTitle "EXT 2025"]
[Source "ChessBase"]
[SourceDate "2024.10.14"]
[SourceVersion "1"]
[SourceVersionDate "2024.10.14"]
[SourceQuality "1"]

1. e4 c5 2. b3 Nc6 3. Bb2 e5 4. Nf3 d6 5. Be2 g6 6. 0-0 Bg7 7. Nc3 Nge7 8. h3 h6 9. d3 0-0 10. a4 Be6 11. Nd2 a6 12. Nc4 Nd4 13. a5 f5 14. Qd2 f4 15. Nb6 Rb8 16. Bg4 Bxg4 17. hxg4 f3 18. Nc4 Nec6 19. Ne3 Qh4 20. g3 Qh3 21. Rae1 Nb4 22. Ncd5 Nbxc2 23. Bxd4 Nxe3 24. Nxe3 exd4 25. Qc2 dxe3 26. fxe3 Qxg3+ 27. Kh1 Qh3+ 28. Qh2 Qxh2+ 29. Kxh2 b6 30. axb6 Rxb6 31. Rb1 Rfb8 32. Kg3 Rxb3 33. Rxb3 Rxb3 34. Rd1 a5 0-1

[Event "Andorra op 40th"]
[Site "Escaldes"]
[Date "2024.07.20"]
[Round "1"]
[White "Sos Andreu, Eric"]
[Black "Mas Mestres, Jordi"]
[Result "1-0"]
[WhiteElo "2371"]
[BlackElo "1899"]
[PlyCount "69"]
[EventDate "2024.07.20"]
[EventType "swiss"]
[EventRounds "9"]
[EventCountry "AND"]
[SourceTitle "CBM 221 Extra"]
[Source "ChessBase"]
[SourceDate "2024.09.30"]
[SourceVersion "1"]
[SourceVersionDate "2024.09.30"]
[SourceQuality "1"]

1. d4 Nf6 2. c4 e6 3. g3 Bb4+ 4. Bd2 c5 5. Bxb4 cxb4 6. Bg2 0-0 7. e4 d6 8. Ne2 Nc6 9. a3 bxa3 10. Rxa3 e5 11. 0-0 a5 12. Nbc3 Nb4 13. Qd2 b6 14. h3 Qe7 15. Raa1 Bb7 16. b3 Ne8 17. Rad1 f5 18. Rfe1 fxe4 19. Nxe4 d5 20. cxd5 Bxd5 21. Nc1 Rc8 22. Qe2 Rc2 23. Rd2 Qc7 24. Nd3 Rxd2 25. Qxd2 Nxd3 26. Qxd3 Bxe4 27. Bxe4 exd4 28. Bxh7+ Kh8 29. Bg6 Nf6 30. Qxd4 Qc6 31. Qh4+ Kg8 32. g4 Qc3 33. Re3 Qd4 34. Bd3 Qb4 35. Bc4+ 1-0